Statistics for Countries with Highest Per Capita COVID-19 Infection Rate

Click here to take the quiz!

General Stats

  • This quiz has been taken 31 times
    (3 since last reset)
  • The average score is 6 of 20

Answers on the Map

Answers color-coded by a green-red scale on the quiz's map according to % correct below.
 

Answer Stats

1 Infection every n personCountry% Correct
13United States
67%
8Andorra
33%
18Armenia
33%
17Belgium
33%
11Czechia
33%
15Georgia
33%
15Israel
33%
16Liechtenstein
33%
16Lithuania
33%
13Luxembourg
33%
17Moldova
33%
14Panama
33%
16Portugal
33%
12San Marino
33%
18Serbia
33%
13Slovenia
33%
17Switzerland
33%
15Bahrain
0%
18Croatia
0%
11Montenegro
0%

Score Distribution

Percentile by Number Answered

Percent of People with Each Score

Your Score History

You have not taken this quiz since the last reset